Noticias secretas de América / (Record no. 6344)

MARC details
000 -LEADER
campo de control de longitud fija 01419nam a2200325 i 4500
001 - NÚMERO DE CONTROL
campo de control 6344
003 - IDENTIFICADOR DE NÚMERO DE CONTROL
campo de control ES-MaACL
005 - FECHA Y HORA DE LA ÚLTIMA TRANSACCIÓN
campo de control 20250730161446.0
007 - CAMPO FIJO DE DESCRIPCIÓN FÍSICA--INFORMACIÓN GENERAL
campo de control de longitud fija t|
008 - DATOS DE LONGITUD FIJA--INFORMACIÓN GENERAL
campo de control de longitud fija 890925s1988 sp |||| | spa d
020 ## - NÚMERO INTERNACIONAL ESTÁNDAR DEL LIBRO
Número Internacional Estándar del Libro 84-7090-188-5
080 ## - NÚMERO DE LA CLASIFICACIÓN DECIMAL UNIVERSAL
Número de la Clasificación Decimal Universal 9(8.03)"17"
100 1# - ENTRADA PRINCIPAL--NOMBRE DE PERSONA
Nombre de persona Juan, Jorge,
Fechas asociadas al nombre 1713-1773
9 (RLIN) 67092
245 10 - MENCIÓN DEL TÍTULO
Título Noticias secretas de América /
Mención de responsabilidad, etc. Jorge Juan y Antonio de Ulloa ; presentación por José M. Gómez-Tabanera.
260 ## - PUBLICACIÓN, DISTRIBUCIÓN, ETC.
Lugar de publicación, distribución, etc. Madrid :
Nombre del editor, distribuidor, etc. Istmo,
Fecha de publicación, distribución, etc. 1988.
300 ## - DESCRIPCIÓN FÍSICA
Extensión XXV, XIII, 880 p. ;
Dimensiones 21 cm.
490 1# - MENCIÓN DE SERIE
Mención de serie Mundus novus ;
Designación de volumen o secuencia 9
505 8# - NOTA DE CONTENIDO CON FORMATO
Nota de contenido con formato Contiene: Las "Noticias secretas de América" y el enigma de su publicación / por Carlos Pereyra. La crítica española de la situación de América en el siglo XVIII ; Algunos problemas del siglo XVIII / por Ramón Ezquerra
534 ## - NOTA SOBRE LA VERSIÓN ORIGINAL
Frase introductoria Reprod. facs.de la ed. de:
Publicación, distribución, etc. del original Londres : En la Imprenta de R. Taylor, 1826.
650 #4 - PUNTO DE ACCESO ADICIONAL DE MATERIA--TÉRMINO DE MATERIA
Término de materia o nombre geográfico como elemento de entrada Marina de guerra-
Subdivisión geográfica España-
Subdivisión cronológica S.XVIII.
9 (RLIN) 14787
650 #4 - PUNTO DE ACCESO ADICIONAL DE MATERIA--TÉRMINO DE MATERIA
Término de materia o nombre geográfico como elemento de entrada Indios de Perú-
Subdivisión general Trato recibido-
Subdivisión de forma Historia.
9 (RLIN) 156742
651 #4 - PUNTO DE ACCESO ADICIONAL DE MATERIA--NOMBRE GEOGRÁFICO
Nombre geográfico Perú-
Subdivisión general Historia-
Subdivisión cronológica 1548-1820, Epoca colonial.
9 (RLIN) 9225
700 1# - ENTRADA AGREGADA--NOMBRE PERSONAL
Nombre de persona Ulloa, Antonio de,
Fechas asociadas al nombre 1716-1795
9 (RLIN) 156744
700 0# - ENTRADA AGREGADA--NOMBRE PERSONAL
Nombre de persona Gómez-Tabanera, José Manuel,
Fechas asociadas al nombre 1926-2011
9 (RLIN) 58165
700 1# - ENTRADA AGREGADA--NOMBRE PERSONAL
Nombre de persona Pereyra, Carlos,
Fechas asociadas al nombre 1871-1942
9 (RLIN) 90541
700 1# - ENTRADA AGREGADA--NOMBRE PERSONAL
Nombre de persona Ezquerra Abadía, Ramón,
Fechas asociadas al nombre 1904-1994
9 (RLIN) 48475
830 1# - PUNTO DE ACCESO ADICIONAL DE SERIE-TÍTULO UNIFORME
Título uniforme Mundus novus ;
Designación de volumen o secuencia 9
9 (RLIN) 177495
852 ## - LOCALIZACIÓN
Ubicación ES-MaACL
Número de control de estantería L-13516
Holdings
Estatus retirado Estado de pérdida Estado de daño No para préstamo Biblioteca de origen Biblioteca actual Ubicación en estantería Fecha de adquisición Fuente de adquisición Total de préstamos Signatura topográfica completa Código de barras Visto por última vez Precio de reemplazo Tipo de ítem Koha
        Biblioteca del Ateneo de Madrid Biblioteca del Ateneo de Madrid Depósito 2 17/01/2008     L-13516 1006458 23/02/2023 23/02/2023 Libro impreso